000 00578nam a2200181 i 4500
001 93878
003 ES-MaACL
005 20240427063119.0
007 t|
008 050421s1966 sp ||||1| spa d
100 1 _aPantorba, Bernardino de,
_d1896-1990
_988829
245 1 3 _aEl pintor Fernando de Amárica... /
_cBernardino de Pantorba.
260 _aVitoria :
_bFundación Amárica,
_c1966.
300 _a164 p., 4 h. con 24 lám. ;
_c23 cm.
710 2 _aFundación Amárica (Vitoria)
_94213
852 _aES-MaACL
_jC-30250
_bR.60138
999 _c93878
_d93878